[Event "Canadian op"]
[Site "Laval"]
[Date "2024.07.18"]
[Round "9"]
[White "Fillmore, Louis"]
[Black "Desforges, Jean"]
[Result "0-1"]
[WhiteElo "1596"]
[BlackElo "2054"]
[PlyCount "20"]
[EventDate "2024.07.13"]
[EventType "swiss"]
[EventRounds "9"]
[EventCountry "CAN"]
[SourceTitle "EXT 2025"]
[Source "ChessBase"]
[SourceDate "2024.10.14"]
[SourceVersion "1"]
[SourceVersionDate "2024.10.14"]
[SourceQuality "1"]

1. e4 d5 2. exd5 Nf6 3. d4 Nxd5 4. c4 Nb6 5. Nc3 e5 6. dxe5 Qxd1+ 7. Kxd1 Nc6 8. b3 Bf5 9. Bf4 0-0-0+ 10. Kc1 Ba3# 0-1

[Event "Canadian op"]
[Site "Laval"]
[Date "2024.07.15"]
[Round "4"]
[White "Ramesan, Raunak Amit"]
[Black "Fillmore, Louis"]
[Result "1-0"]
[WhiteElo "1772"]
[BlackElo "1596"]
[PlyCount "45"]
[EventDate "2024.07.13"]
[EventType "swiss"]
[EventRounds "9"]
[EventCountry "CAN"]
[SourceTitle "EXT 2025"]
[Source "ChessBase"]
[SourceDate "2024.10.14"]
[SourceVersion "1"]
[SourceVersionDate "2024.10.14"]
[SourceQuality "1"]

1. e4 e5 2. Nf3 Nc6 3. Bc4 Nf6 4. Ng5 d5 5. exd5 Nd4 6. c3 b5 7. Bf1 Nxd5 8. cxd4 Qxg5 9. Bxb5+ Kd8 10. 0-0 Bb7 11. Qf3 Rb8 12. dxe5 Ne3 13. Qh3 Qxg2+ 14. Qxg2 Nxg2 15. d4 f6 16. Be2 Be7 17. d5 Nh4 18. e6 Bxd5 19. Rd1 c6 20. Nc3 Kc7 21. Nxd5+ cxd5 22. Bf4+ Bd6 23. Rac1+ 1-0

[Event "Canadian op"]
[Site "Laval"]
[Date "2024.07.14"]
[Round "2"]
[White "Fillmore, Louis"]
[Black "Yin, Zeming"]
[Result "1/2-1/2"]
[WhiteElo "1596"]
[BlackElo "1832"]
[PlyCount "91"]
[EventDate "2024.07.13"]
[EventType "swiss"]
[EventRounds "9"]
[EventCountry "CAN"]
[SourceTitle "EXT 2025"]
[Source "ChessBase"]
[SourceDate "2024.10.14"]
[SourceVersion "1"]
[SourceVersionDate "2024.10.14"]
[SourceQuality "1"]

1. e4 c5 2. Nc3 Nc6 3. Bb5 Nd4 4. Nf3 a6 5. Bd3 g6 6. Nxd4 cxd4 7. Ne2 Bg7 8. c3 dxc3 9. dxc3 d5 10. 0-0 dxe4 11. Bxe4 Qc7 12. Qb3 Nf6 13. Bf3 0-0 14. Be3 Bg4 15. Bf4 e5 16. Bxg4 Nxg4 17. Bg3 Kh8 18. h3 Nf6 19. Rfd1 Rad8 20. Rxd8 Rxd8 21. Rd1 Rxd1+ 22. Qxd1 h6 23. Qa4 Nh5 24. Qe8+ Kh7 25. Bh4 Qc4 26. g4 Qxe2 27. gxh5 Qxh5 28. Be7 Qd1+ 29. Kh2 Qf3 30. Kg1 Qf5 31. Bf8 e4 32. Bxg7 Kxg7 33. Qb8 Qd5 34. b3 b5 35. Qc7 Qd1+ 36. Kh2 Qe2 37. Qe5+ Kh7 38. Qf6 Kg8 39. Qd8+ Kg7 40. Qd4+ Kh7 41. Qf6 Qxa2 42. Qxf7+ Kh8 43. Qf8+ Kh7 44. Qf7+ Kh8 45. Qf8+ Kh7 46. Qf7+ 1/2-1/2